Normal view
MARC view
Entry Personal Name
001 - CONTROL NUMBER
- control field: 26333
003 - CONTROL NUMBER IDENTIFIER
- control field: ARRUPE
005 - DATE AND TIME OF LATEST TRANSACTION
- control field: 20160928121143.0
008 - FIXED-LENGTH DATA ELEMENTS
- fixed length control field: 160928|| aca||aabn | a|a d
040 ## - CATALOGING SOURCE
- Original cataloging agency: ARRUPE
- Transcribing agency: ARRUPE
100 ## - HEADING--PERSONAL NAME
- Personal name: Setai, Bethuel.
670 ## - SOURCE DATA FOUND
- Source citation: Work cat.: (ARRUPE)0: Setai, Bethuel., The making of poverty in South Africa /, 1998.